Представление документа в формате MARC21

Поле Инд. ПП Название Значение
Тип записи a
Библиографический уровень b
001 Контрольный номер RU/IS/BASE/236344829
005 Дата корректировки 20200608194358.1
040 b Код языка каталог. rus
e Правила каталог. PSBO
041 0_ a Код языка текста rus
084 a Индекс другой классификации/Индекс ББК 60.542.15; 60.524.224.026
100 1_ a Автор Аверин Ю. П.
q Полное имя Аверин Юрий Петрович
245 10 a Заглавие Роль информационной кампании в подавлении факторов заражения ВИЧ среди молодежи
520 a Аннотация Результаты социологических исследований в Республике Бурятия и в Ульяновской области роли информационной кампании в подавлении факторов заражения ВИЧ среди молодежи в возрасте от 16 до 30 лет до проведения информационной кампании (в 2004 г.) и после проведения информационной кампании (в 2005 г.), организованных по единой методике
650 a Основная рубрика социология
a Основная рубрика социология групп
653 a Ключевые слова ВИЧ-инфекции
a Ключевые слова информационное воздействие
a Ключевые слова информация
a Ключевые слова массовая коммуникация
a Ключевые слова молодежь
a Ключевые слова сексуальное поведение
a Ключевые слова СПИД (синдром приобретенного иммунодефицита)
a Ключевые слова средства массовой информации (СМИ)
a Ключевые слова употребление наркотиков
a Ключевые слова ценностные ориентации
773 0_ t Заглавие источника Вестник Московского университета. Серия 18, Социология и политология
d Дата издания источника 2007
g Прочая информация № 1. - С. 90 - 104 : табл.
w Контрольный № источника RU/IS/BASE/228580253
901 t Тип документа b